LIBRARY & INFORMATION CENTRE, KCAET, TAVANUR

ONLINE PUBLIC ACCESS CATALOGUE (OPAC)

Modification and performance evaluation of KAU low cost paddy thresher (Record no. 15067)

MARC details
000 -LEADER
fixed length control field 00590nam a22001697a 4500
003 - CONTROL NUMBER IDENTIFIER
control field OSt
088 ## - REPORT NUMBER
Report number P 25
100 ## - MAIN ENTRY--AUTHOR NAME
Personal name ANU VARGHESE
-- NANCY K. VARGHESE
245 ## - TITLE STATEMENT
Title Modification and performance evaluation of KAU low cost paddy thresher
260 ## - PUBLICATION, DISTRIBUTION, ETC. (IMPRINT)
Place of publication Tavanur 1993
Name of publisher Kelappaji College of Agricultural Engineering and Technology
300 ## - PHYSICAL DESCRIPTION
Number of Pages 40
500 ## - GENERAL NOTE
General note Modification and performance evaluation of KAU low cost paddy thresher
520 ## - SUMMARY, ETC.
Summary, etc paddy cultivation. KAU product. paddy thresher
700 ## - ADDED ENTRY--PERSONAL NAME
Personal name Er. George Mathew (Guide)
942 ## - ADDED ENTRY ELEMENTS (KOHA)
Koha item type Project Report
Holdings
Collection code Home library Current library Shelving location Full call number Accession Number Koha item type
Reference KAUAET KAUAET Reference 631.56 ANU/MO P 25 Project Report
free website counter